[Event "Banicky kahanec"]
[Site "Prievidza"]
[Date "1978.??.??"]
[Round "?"]
[White "Hardicsay, Peter"]
[Black "Arnaudov, Petar"]
[Result "0-1"]
[WhiteElo "2355"]
[BlackElo "2260"]

1.e4 g6 2.d4 Bg7 3.Nc3 d6 4.Nf3 c6 5.Be2 Nf6 6.a4 O-O 7.O-O Na6 8.Be3 Bg4
9.h3 Bxf3 10.Bxf3 Nc7 11.Qd2 e5 12.Rfd1 Ne6 13.d5 Nd4 14.Bxd4 exd4 15.Ne2 c5
16.c3 dxc3 17.Nxc3 Re8 18.g3 Rb8 19.Bg2 a6 20.a5 b5 21.axb6 Rxb6 22.Ra2 Qb8
23.Qc2 Nd7 24.Bf1 Qb7 25.Kg2 Rb8 26.Rd2 Bh6 27.f4 Bg7 28.Bc4 Ra8 29.Qd3 Rb4
30.Rc2 Nb6 31.Nd1 Nxc4 32.Rxc4 Bd4 33.Rxb4 Qxb4 34.Kf1 a5 35.g4 a4 36.b3 a3
37.Ke2 Rb8 38.Ne3 Bxe3 39.Kxe3 Qe1+ 40.Kf3 Qh1+ 41.Kg3 Qg1+ 42.Kf3 Qc1 43.g5 Rb4
44.Kg4 Qg1+ 45.Kf3 Rd4 46.Qe2 Qh1+ 47.Kg3 Rxe4 48.Qf2 Qc1 49.Rc2 Qe3+ 50.Kg4 Qxb3
51.Rd2 Qe3 52.Qh2 Kg7 53.Rf2 h5+ 54.gxh6+ Kxh6 55.Rf3 f5+ 56.Kg3  0-1

[Event "Banicky kahanec"]
[Site "Prievidza"]
[Date "1978.??.??"]
[Round "?"]
[White "Schrancz, Istvan"]
[Black "Franzen, Josef"]
[Result "0-1"]
[WhiteElo "2300"]
[BlackElo "2290"]

1.e4 g6 2.d4 Bg7 3.Nc3 d6 4.f4 c6 5.Nf3 Bg4 6.Be3 Nd7 7.Qd2 Ngf6 8.e5 Nd5
9.Nxd5 cxd5 10.Be2 O-O 11.h3 Bxf3 12.Bxf3 Nb6 13.b3 e6 14.O-O Rc8 15.Be2 Rc7
16.Bd3 Nc8 17.c4 dxc4 18.Bxc4 Nb6 19.Be2 Nd5 20.Bf3 Rc2 21.Qxc2 Nxe3 22.Qe4 Nxf1
23.Rxf1 Qb6 24.Kh1 d5 25.Qe3 Rc8 26.g4 Bh6 27.Bg2 Qb4 28.Qf2 Qc3 29.Qh4 Bg7
30.f5 Qxd4 31.fxe6 fxe6 32.Qe7 Qxe5 33.Qxb7 Rf8 34.Rxf8+ Bxf8 35.Qxa7 Qa1+
36.Qg1 Qxa2 37.Qe1 Qa6 38.b4 Kf7 39.Bf1 Qb6 40.b5 Qd4 41.Kg2 Bc5 42.Be2 Qe4+
43.Kh2 Bd6+ 44.Kg1 Qe3+ 45.Kg2  0-1

[Event "Kamen Piskov mem 2"]
[Site "Ruse"]
[Date "1978.??.??"]
[Round "13"]
[White "Grigorov, Jordan N"]
[Black "Merdinjan, Agop"]
[Result "1-0"]
[WhiteElo "2340"]
[BlackElo "2315"]

1.e4 g6 2.d4 Bg7 3.Nc3 d6 4.g3 Nf6 5.Bg2 O-O 6.Nge2 c6 7.a4 a5 8.O-O Qc7
9.h3 Nbd7 10.Be3 e5 11.Qd2 Re8 12.Rad1 b6 13.dxe5 dxe5 14.Qd6 Qxd6 15.Rxd6 Bb7
16.Rfd1 Nc5 17.Bxc5 bxc5 18.Nc1 Nh5 19.Nb3 c4 20.Nc5 Bc8 21.Rxc6 Rb8 22.Nb5 Be6
23.Nxe6 fxe6 24.Rxc4 Bf8 25.b3 Nf6 26.h4 Rec8 27.Rxc8 Rxc8 28.c4 Bc5 29.Bh3 Kf7
30.Nd6+ Bxd6 31.Rxd6 Re8 32.f3  1-0

[Event "Snekkersten"]
[Site "Snekkersten"]
[Date "1978.??.??"]
[Round "2"]
[White "Grumme, H."]
[Black "Telling, K."]
[Result "1-0"]
[WhiteElo "2200"]
[BlackElo "2200"]

1.e4 d6 2.d4 g6 3.Nc3 Bg7 4.f4 Nf6 5.Nf3 O-O 6.Bd3 Nc6 7.Be3 e5 8.fxe5 dxe5
9.d5 Nb4 10.O-O Qe7 11.Bg5 Qc5+ 12.Kh1 Ng4 13.Qe2 f6 14.Bd2 Nxd3 15.Qxd3 Bd7
16.h3 Nh6 17.Be3 Qa5 18.b4 Qa3 19.Rfb1 f5 20.Rb3 fxe4 21.Nxe4 Qa6 22.Qxa6 bxa6
23.c4 Nf5 24.Bc5 Rfd8 25.g4 Nd4 26.Rd3 Ne2 27.Rd2 Nf4 28.Kh2 c6 29.Be7 Rdb8
30.Nf6+ Bxf6 31.Bxf6 Re8 32.Bxe5 Nxh3 33.Kxh3 h5 34.dxc6 Bxg4+ 35.Kg3 Bxf3
36.Kxf3 Rxe5 37.c7 Rf5+ 38.Kg2 Rff8  1-0

[Event "Rilton Cup"]
[Site "Stockholm"]
[Date "1978.??.??"]
[Round "1"]
[White "Philgren, G."]
[Black "Goodman, David SC"]
[Result "1-0"]
[WhiteElo "2020"]
[BlackElo "2320"]

1.e4 g6 2.d4 d6 3.Nc3 Bg7 4.Be2 a6 5.Be3 b5 6.a3 Bb7 7.Qd2 Nd7 8.f3 Rc8 9.Nh3 c5
10.Nf2 Ngf6 11.d5 Qc7 12.Bh6 O-O 13.Bxg7 Kxg7 14.Ncd1 e6 15.dxe6 fxe6 16.Ne3 d5
17.exd5 exd5 18.Neg4 Rce8 19.O-O Nxg4 20.Nxg4 Nf6 21.Nxf6 Rxf6 22.Rfe1 Rfe6
23.Bf1 Re5 24.f4 Re4 25.Re2 Rxe2 26.Bxe2 d4 27.Rf1 Re3 28.f5 Qe5 29.Bg4 h5
30.Bd1 gxf5 31.Bxh5 f4 32.Qd1 Qg5 33.Qg4 Qxg4 34.Bxg4 Kf6 35.Rxf4+ Kg5 36.g3 Re1+
37.Kf2 Rh1 38.h4+ Kh6 39.Bf5 Rh2+ 40.Ke1 Kh5 41.Rf2 Rh1+ 42.Rf1 Rh2 43.Rf4 Rg2
44.Rg4 Bf3 45.Rg7  1-0

[Event "Rilton Cup"]
[Site "Stockholm"]
[Date "1978.??.??"]
[Round "3"]
[White "Miralles, Jose"]
[Black "Schussler, Harry"]
[Result "1-0"]
[WhiteElo "2300"]
[BlackElo "2365"]

1.e4 g6 2.d4 Bg7 3.Nc3 d6 4.f4 Nf6 5.Nf3 O-O 6.Be3 b6 7.Bd3 Bb7 8.O-O c5
9.d5 e6 10.dxe6 fxe6 11.Ng5 Qd7 12.e5 Nd5 13.Nxd5 exd5 14.Nxh7 Kxh7 15.Qh5+ Kg8
16.Qxg6 Re8 17.Rf3 d4 18.Rh3 Kf8 19.f5 Qf7 20.Qxd6+ Qe7 21.f6 Qxd6 22.fxg7+ Kxg7
23.exd6 Rxe3 24.Rh7+ Kg8 25.Rxb7 Nc6 26.Rc7  1-0

[Event "Rilton Cup"]
[Site "Stockholm"]
[Date "1978.??.??"]
[Round "3"]
[White "Eslon, Jaan"]
[Black "Malmdin, Nils Ake"]
[Result "1-0"]
[WhiteElo "2365"]
[BlackElo "2210"]

1.e4 g6 2.d4 Bg7 3.Nc3 d6 4.Bg5 c6 5.Qd2 Nd7 6.f4 Qa5 7.Nf3 b5 8.Bd3 b4 9.Nd1 Qb6
10.Ne3 Ba6 11.O-O-O Rb8 12.e5 d5 13.f5 e6 14.g4 Bxd3 15.cxd3 c5 16.dxc5 Nxc5
17.Kb1 h5 18.h3 gxf5 19.gxf5 Nh6 20.Bf6 Bxf6 21.exf6 Na4 22.Ka1 Nc3 23.bxc3 bxc3
24.Qxc3 O-O 25.Rhg1+ Kh8 26.d4 Rfc8 27.Qd2 Qb4  1-0

[Event "Rilton Cup"]
[Site "Stockholm"]
[Date "1978.??.??"]
[Round "7"]
[White "Wedberg, Tom"]
[Black "Schussler, Harry"]
[Result "0-1"]
[WhiteElo "2370"]
[BlackElo "2365"]

1.e4 g6 2.d4 Bg7 3.Nc3 d6 4.f4 Nf6 5.Nf3 O-O 6.Be3 b6 7.e5 Ng4 8.Bg1 Bb7
9.e6 Nh6 10.exf7+ Nxf7 11.Qd2 e5 12.fxe5 Bxf3 13.gxf3 dxe5 14.O-O-O Nc6 15.Bc4 exd4
16.Qg2 Kh8 17.f4 Nd6 18.Nb5 Na5 19.Bd5 Nxb5 20.Bxa8 Qxa8 21.Qxa8 Rxa8 22.a4 Nd6
23.Bxd4 Bxd4 24.Rxd4 Re8 25.h4 h5 26.Rh3 Nac4 27.b3 Ne3 28.Rd3 Ng2 29.Rc3 Nxf4  0-1

[Event "Rilton Cup"]
[Site "Stockholm"]
[Date "1978.??.??"]
[Round "9"]
[White "Bednarski, Jacek B"]
[Black "Schussler, Harry"]
[Result "1/2-1/2"]
[WhiteElo "2365"]
[BlackElo "2365"]

1.e4 g6 2.d4 Bg7 3.Nc3 d6 4.g3 Nf6 5.Bg2 O-O 6.Nge2 e5 7.h3 Nc6 8.Be3 exd4
9.Nxd4 Nxd4 10.Bxd4 Bd7 11.O-O Bc6 12.b4 a6 13.a4 Qd7 14.Qd3 b5 15.a5 Rfe8
16.Nd5 Nxd5 17.exd5 Bb7 18.Bxg7 Kxg7 19.c4 bxc4 20.Qxc4 Re7 21.Rfe1 Rae8
22.Rxe7 Rxe7 23.Rc1 Kg8 24.Qd4 Qa4 25.Qf6 Qd7 26.Qd4 Qa4 27.h4 h5 28.Kh2 Bc8
29.Qf6 Qd7 30.Qd4 Qa4 31.Qf6 Qd7 32.Qf4 Qb5 33.Qf6 Qd7  1/2-1/2

[Event "SWE-ch"]
[Site "SWE"]
[Date "1978.??.??"]
[Round "?"]
[White "Korman, U."]
[Black "Schussler, Harry"]
[Result "1/2-1/2"]
[WhiteElo "2200"]
[BlackElo "2365"]

1.e4 g6 2.d4 Bg7 3.Nc3 d6 4.f4 Nf6 5.Nf3 O-O 6.Bd3 Nc6 7.e5 dxe5 8.fxe5 Ne8
9.Bc4 Bg4 10.Be3 Kh8 11.h3 Bxf3 12.gxf3 Na5 13.Qe2 c5 14.O-O-O cxd4 15.Rxd4 Qc8
16.f4 f6 17.Bd3 Nc6 18.Rd5 fxe5 19.fxe5 Nxe5 20.h4 Nxd3+ 21.Qxd3 Nf6 22.h5 Nxd5
23.Nxd5 Qg4 24.hxg6 h5 25.Nxe7 Rae8 26.Qd5 h4 27.Qg5 Bxb2+ 28.Kxb2 Qb4+ 29.Kc1 Qa3+
30.Kb1 Qb4+ 31.Kc1 Qa3+ 32.Kd1 Qxe7 33.Bd4+ Kg8 34.Qd5+ Qe6 35.Rxh4 Rf6 36.Qxe6+  1/2-1/2

[Event "SWE-ch"]
[Site "SWE"]
[Date "1978.??.??"]
[Round "?"]
[White "Niklasson, Christer"]
[Black "Schussler, Harry"]
[Result "0-1"]
[WhiteElo "2340"]
[BlackElo "2365"]

1.d4 g6 2.e4 d6 3.Nc3 Bg7 4.Nf3 Nf6 5.Be2 O-O 6.Bf4 Nc6 7.h3 Nd7 8.d5 Nce5
9.Nd2 e6 10.dxe6 fxe6 11.Bg3 Nc6 12.Nb3 a5 13.a4 b6 14.O-O Nc5 15.Bb5 Bb7
16.Qg4 Qe7 17.Nxc5 bxc5 18.Bc4 Rae8 19.f4 Kh8 20.Rae1 Nd4 21.Rf2 Bc6 22.Kh1 Rb8
23.Nb5 Nxb5 24.axb5 Bxb5 25.Bh4 Qe8 26.Qxe6 Bxc4 27.Qxc4 Rxb2 28.e5 Rb4 29.Qd5 Qa8
30.Qd2 dxe5 31.Be7 Rfxf4 32.Rxf4 Rxf4 33.Bxc5 h5 34.Qd7 Rc4 35.Qxc7 Rxc2
36.Rg1 Qf8 37.Bxf8 Rxc7 38.Ba3 Rc3 39.Bd6 Rc6 40.Be7 a4  0-1

[Event "Titovo Uzice"]
[Site "Titovo Uzice"]
[Date "1978.??.??"]
[Round "?"]
[White "Rajkovic, Dusan"]
[Black "Todorcevic, Miodrag"]
[Result "1-0"]
[WhiteElo "2490"]
[BlackElo "2435"]

1.d4 g6 2.e4 Bg7 3.Nc3 d6 4.Nf3 Nf6 5.Be2 O-O 6.O-O Bg4 7.Bg5 Nc6 8.d5 Bxf3
9.Bxf3 Ne5 10.Be2 c6 11.dxc6 bxc6 12.Qd2 Rb8 13.b3 c5 14.Rad1 Nc6 15.Rfe1 Re8
16.Bb5 Qc8 17.Ba4 Nd7 18.Nd5 f6 19.Bh6 Nde5 20.Bxg7 Kxg7 21.Re3 Rb7 22.Rg3 e6
23.Nf4 Kh8 24.Qc3 Qc7 25.Ne2 Kg7 26.h4 Rd8 27.f4 Nf7 28.f5 e5 29.Bxc6 Qxc6
30.fxg6 hxg6 31.Qf3 Nh8 32.h5 Rg8 33.hxg6 Nxg6 34.Qf5 Kf7 35.Rf1 d5 36.exd5 Qd6
37.c4 Rb6 38.Nc3 Qe7 39.Ne4 Rg7 40.Qh5  1-0

[Event "CAN-ch/zt"]
[Site "Toronto"]
[Date "1978.??.??"]
[Round "4"]
[White "Green Krotki, J."]
[Black "South, Robert"]
[Result "1-0"]
[WhiteElo "2200"]
[BlackElo "2200"]

1.e4 g6 2.d4 Bg7 3.Nc3 d6 4.Be3 Nf6 5.f3 c6 6.Qd2 Nbd7 7.Nge2 b5 8.a4 b4
9.Nd1 a5 10.Nc1 O-O 11.Nd3 Ba6 12.Rc1 Re8 13.Be2 e5 14.dxe5 Nxe5 15.Nxe5 Rxe5
16.Bxa6 Rxa6 17.c4 d5 18.O-O Qa8 19.Bd4 Re8 20.cxd5 cxd5 21.e5 Nd7 22.f4 f6
23.Ne3 fxe5 24.fxe5 Bxe5 25.Ng4 Bxd4+ 26.Qxd4 Qa7 27.Nh6+  1-0

[Event "CAN-ch/zt"]
[Site "Toronto"]
[Date "1978.??.??"]
[Round "11"]
[White "Lipnowski, Irvin"]
[Black "South, Robert"]
[Result "1-0"]
[WhiteElo "2390"]
[BlackElo "2200"]

1.e4 g6 2.d4 Bg7 3.Nc3 d6 4.Nf3 Nf6 5.Be2 O-O 6.O-O c6 7.a4 Qc7 8.Re1 e5
9.h3 Nbd7 10.Bf1 Re8 11.dxe5 dxe5 12.Be3 Bf8 13.Bc4 Nc5 14.Ng5 Be6 15.Nxe6 Nxe6
16.Qf3 Nd7 17.Red1 a6 18.Ne2 Rab8 19.a5 Rbd8 20.c3 Ndc5 21.b4 Rxd1+ 22.Rxd1 Nd7
23.Nc1 Qd8 24.Nb3 Qe7 25.Rd2 Bg7 26.Qd1 Ndf8 27.Nc5 Nf4 28.Kh2 Qh4 29.Qg4 Qe7
30.g3 h5 31.Qf3 N4e6 32.h4 Rd8 33.Rxd8 Qxd8 34.Nxb7 Qa8 35.Nd6 f6 36.Bb6 Kh7
37.Qd3 g5 38.Nf5 gxh4 39.Nxh4 Ng5 40.Qe2  1-0

[Event "CAN-ch/zt"]
[Site "Toronto"]
[Date "1978.??.??"]
[Round "12"]
[White "South, Robert"]
[Black "Piasetski, Leon David"]
[Result "0-1"]
[WhiteElo "2200"]
[BlackElo "2410"]

1.e4 d6 2.d4 g6 3.Nc3 Bg7 4.f4 c6 5.Be3 Qb6 6.Rb1 Nf6 7.Nf3 e5 8.fxe5 Ng4
9.Bg1 dxe5 10.h3 Nh6 11.dxe5 Qb4 12.a3 Qe7 13.Be3 Be6 14.Qd2 Ng8 15.Bd3 h6
16.Ne2 Nd7 17.Qa5 Qd8 18.Qc3 Qc7 19.O-O Ne7 20.Nf4 Nxe5 21.Nxe6 fxe6 22.Bd4 Nxf3+
23.Rxf3 Bxd4+ 24.Qxd4 e5 25.Qc4 O-O-O 26.Qe6+ Kb8 27.Rf7 Rhe8 28.Rbf1 Qb6+
29.Kh2 Nd5 30.Qxg6 Nf4 31.Qxh6 Qxb2 32.R1xf4 exf4 33.Qxf4+ Ka8 34.a4 a6 35.Qc7 Rc8
36.Qa5 Re5 37.Qd2 Qb6 38.Qf4 Qc5 39.Rf5 Rce8 40.g4 Qd4 41.Rxe5 Rxe5 42.g5 c5
43.Qf6 c4 44.g6 cxd3 45.cxd3 Qb2+ 46.Kg3 Qc3 47.Qf8+ Ka7 48.Kf4 Rc5 49.h4 Qd2+
50.Kg3 Qxd3+ 51.Qf3 Qd6+  0-1

[Event "CAN-ch/zt"]
[Site "Toronto"]
[Date "1978.??.??"]
[Round "12"]
[White "Berry, Jonathan"]
[Black "Lipnowski, Irvin"]
[Result "0-1"]
[WhiteElo "2320"]
[BlackElo "2390"]

1.e4 g6 2.d4 d6 3.Nc3 Bg7 4.Nf3 Nf6 5.Be2 O-O 6.O-O c6 7.a4 Qc7 8.h3 Nbd7
9.Re1 e5 10.Bf1 Re8 11.a5 exd4 12.Nxd4 Nc5 13.f3 Ne6 14.Be3 Nh5 15.Nde2 Bd7
16.Qd2 Red8 17.g4 Nf6 18.f4 Be8 19.f5 Nc5 20.Bg2 Nfd7 21.Nd4 Ne5 22.b3 b5
23.axb6 axb6 24.Rxa8 Rxa8 25.Rf1 Qe7 26.Qf2 Ncd7 27.g5 Qd8 28.Qg3 b5 29.h4 Ra3
30.Nce2 Qa5 31.h5 Ra1 32.Bc1 c5 33.Nf3 Qa2 34.hxg6 hxg6 35.f6 Qxc2 36.fxg7 Qxe2
37.Qh3 Kxg7 38.Nxe5 Nxe5 39.Qc3 Ra2 40.Qh3 Bc6 41.Bf4 Qxg2+ 42.Qxg2 Rxg2+
43.Kxg2 Bxe4+ 44.Kf2 Nd3+ 45.Ke3 Nxf4 46.Rxf4 Bd5 47.b4 Kf8 48.Rf6 Be6 49.Rf1 cxb4
50.Kd4 Ke7 51.Ra1 Bc4 52.Re1+ Kd7 53.Re3 b3 54.Kc3 Kc6 55.Re8 Be6 56.Rb8 Bc4
57.Re8 Kc5 58.Rc8+ Kd5 59.Re8 Kc6 60.Re7 Be6 61.Re8 Kd7 62.Rb8 Bc4 63.Rh8 Ke6
64.Rh1 Kf5 65.Rg1 Kf4 66.Rg2 Ke4 67.Rg4+ Ke5 68.Rg1 Kf4 69.Rg2 Kf3 70.Rg1 Ke4
71.Rg4+ Ke5 72.Rg1 d5 73.Re1+ Kf5 74.Rg1 Kf4 75.Kd4 b2 76.Rb1 Kxg5 77.Rxb2 Kf6
78.Rf2+ Ke6  0-1

[Event "URS-ch U26"]
[Site "Vilnius"]
[Date "1978.??.??"]
[Round "5"]
[White "Machulsky, Anatoly D"]
[Black "Yurtaev, Leonid"]
[Result "0-1"]
[WhiteElo "2350"]
[BlackElo "2375"]

1.e4 g6 2.d4 Bg7 3.Nc3 d6 4.Nge2 c6 5.g3 b5 6.Bg2 b4 7.Nb1 Ba6 8.c3 Nd7 9.O-O Rb8
10.Re1 Ngf6 11.Nd2 O-O 12.c4 e5 13.d5 cxd5 14.exd5 Nc5 15.b3 Bc8 16.Nf1 Qc7
17.Bb2 a5 18.Nc1 a4 19.Nd3 Nfd7 20.Nxc5 Nxc5 21.Bc1 Ra8 22.Be3 Bd7 23.Nd2 f5
24.Qe2 Rfe8 25.a3 Na6 26.bxa4 f4 27.Ne4 fxe3 28.Qxe3 bxa3 29.Rxa3 Nc5 30.a5 Nxe4
31.Bxe4 Ra6 32.Ra2 Rea8 33.Rea1 Bf5 34.f3 Qxc4  0-1

[Event "Zamardi"]
[Site "Zamardi"]
[Date "1978.??.??"]
[Round "?"]
[White "Szabo, Iuliu"]
[Black "Budinszky, Andras"]
[Result "1/2-1/2"]
[WhiteElo "2355"]
[BlackElo "2200"]

1.e4 g6 2.d4 Bg7 3.Nc3 d6 4.Be3 c6 5.Qd2 b5 6.f3 a6 7.g4 Nf6 8.h4 h5 9.g5 Nh7
10.f4 e5 11.dxe5 dxe5 12.Qxd8+ Kxd8 13.O-O-O+ Kc7 14.Bh3 Nd7 15.f5 Re8 16.Rh2 Bf8
17.Rf2 Bb4 18.Nge2 Nhf8 19.a3 Bc5 20.Bxc5 Nxc5 21.Bg2 Bd7 22.Ng3 Rad8 23.Rfd2 Bc8
24.Rxd8 Rxd8 25.Rxd8 Kxd8 26.Kd2 Nfd7 27.Nd1 Nb6 28.Ne3 Ke7 29.Bf3 Nb7  1/2-1/2

[Event "Zamardi"]
[Site "Zamardi"]
[Date "1978.??.??"]
[Round "?"]
[White "Varasdy, Imre"]
[Black "Budinszky, Andras"]
[Result "1/2-1/2"]
[WhiteElo "2200"]
[BlackElo "2200"]

1.e4 g6 2.d4 Bg7 3.Nc3 d6 4.Be3 a6 5.Nf3 Nf6 6.a4 O-O 7.Be2 b6 8.O-O c5 9.h3 cxd4
10.Nxd4 Bb7 11.f3 Qc7 12.Qe1 d5 13.exd5 Nxd5 14.Nxd5 Bxd5 15.c4 Bb7 16.Qf2 Nd7
17.Ra2 e5 18.Nb3 a5 19.Rd1 Bc6 20.c5 bxc5 21.Nxc5 Nxc5 22.Bxc5 Rfc8 23.b3 Qb7
24.Bc4 Bf8 25.Bxf8 Rxf8 26.Qc5 Qa7 27.Qxa7 Rxa7 28.Re2 Re8 29.Rc1 Ba8 30.Bb5 Ree7
31.Rc5 f6 32.f4 e4 33.g4 h5 34.Kf2 Bb7 35.Bc4+  1/2-1/2

[Event "IBM-B"]
[Site "Amsterdam"]
[Date "1979.??.??"]
[Round "1"]
[White "Dolmatov, Sergey"]
[Black "Van Wijgerden, Cornelis"]
[Result "1/2-1/2"]
[WhiteElo "2495"]
[BlackElo "2445"]

1.e4 g6 2.d4 Bg7 3.Nc3 d6 4.f4 Nf6 5.Nf3 c5 6.Bb5+ Bd7 7.e5 Ng4 8.Bxd7+ Qxd7
9.d5 dxe5 10.h3 e4 11.Nxe4 Nf6 12.Nxf6+ Bxf6 13.O-O O-O 14.c4 e6 15.Ne5 Qd6
16.Be3 exd5 17.cxd5 Rd8 18.Ng4 Bg7 19.Qf3 f5 20.Ne5 Nd7 21.Nc4 Qa6 22.Rac1 Rac8
23.Rfd1 Re8 24.a4 Re4 25.b3 Qf6 26.Nd2 Ree8 27.Bf2 b6 28.d6 Rcd8 29.Qd3 Qf7
30.Nf3 h6 31.Bh4 Bf6 32.Bxf6 Qxf6 33.Re1 Rxe1+ 34.Rxe1 Nf8 35.Rd1 Ne6 36.Qd5 Kf8
37.g3 Nd4 38.Ne5 Ne2+ 39.Kg2 Nc3 40.Qd2 Nxd1 41.d7 Ke7 42.Qxd1 Qe6 43.Qf3 Rxd7
44.Nxd7 Qxd7 45.h4 h5 46.Qa8 c4 47.bxc4 Qxa4 48.Kh3 Qd7 49.Qb8 Kf7 50.Kh2 Kg7
51.Qe5+ Kh7 52.Qb8 Qg7 53.Kh3 Qe7 54.Kh2 Qe2+ 55.Kh3 Qe7 56.Kh2 Kg7 57.Kh3 Kf7
58.Kh2 Qe2+ 59.Kh3 Qe7 60.Kh2 Kg7 61.Kh3 Kh7 62.Kg2 a6 63.Qxb6 Qe2+ 64.Kh3 Qxc4
65.Qb7+ Kh6 66.Qe7 Qf1+ 67.Kh2 Qa1 68.Qg5+ Kh7 69.Qe7+ Qg7 70.Qc5 Kh6 71.Kg2 Qb7+
72.Kh2 Qb8 73.Qa3 Qa7 74.Qa1 Kh7 75.Qa5 Qb7 76.Qc5 Qb2+ 77.Kh3 Qg7 78.Kh2 Kh6
79.Qa3 Qf6 80.Kg2 Qe6 81.Kh2 Kh7 82.Qa5 Qe2+ 83.Kh3 Qf1+ 84.Kh2 Qf2+ 85.Kh1 Qf3+
86.Kh2 Qc6 87.Qa3 Qc2+ 88.Kh3 Qe4 89.Kh2 Qe2+ 90.Kh3 Qe1 91.Kh2 a5 92.Qa2 Qc3
93.Qf7+ Qg7 94.Qa2 Qa7 95.Qa4 Qf2+ 96.Kh1 Qe1+ 97.Kh2 Qe2+ 98.Kg1 Qe1+ 99.Kh2 Qd2+
100.Kh3 Qd8 101.Kh2 Qd5 102.Kg1 Kh6 103.Kf2 Qd2+ 104.Kf3 Qd5+ 105.Kf2 Qa8
106.Qa3 Qa7+ 107.Ke2 a4 108.Kd3 Kg7 109.Qa1+ Kf7 110.Qa2+ Ke7 111.Qg8 Qd7+
112.Kc3 Qd6 113.Qg7+ Kd8 114.Kb2 Qb6+ 115.Ka2 Qb3+ 116.Ka1 Qd1+ 117.Kb2 Qb3+
118.Ka1 Qa3+ 119.Kb1 Qb4+ 120.Ka2 Qc4+ 121.Kb2 Qb5+ 122.Ka2 Qc6 123.Ka3  1/2-1/2

[Event "IBM"]
[Site "Amsterdam"]
[Date "1979.??.??"]
[Round "7"]
[White "Ligterink, Gert"]
[Black "Torre, Eugenio"]
[Result "0-1"]
[WhiteElo "2440"]
[BlackElo "2520"]

1.e4 g6 2.d4 Bg7 3.Nc3 d6 4.f4 Nf6 5.Nf3 O-O 6.Bd3 Na6 7.O-O c5 8.d5 b6 9.Qe1 Nb4
10.Qh4 b5 11.a3 Nxd3 12.cxd3 b4 13.axb4 cxb4 14.Nd1 Bg4 15.Be3 Bxf3 16.Rxf3 Qc8
17.Bd4 Qc2 18.f5 Rac8 19.fxg6 fxg6 20.Ne3 Qe2 21.Qf2 Qxf2+ 22.Rxf2 Rc7 23.Rc2 Rfc8
24.Rxc7 Rxc7 25.Bxa7 Nd7 26.d4 Kf7 27.Kf1 Ke8 28.Ke2 Bh6 29.Ng4 Bc1 30.Bc5 h5
31.Nf2 Bxb2 32.Ra8+ Kf7 33.Bxb4 Rc2+ 34.Kf3 Bxd4 35.Nd3 g5 36.h3 Nf6 37.Ra6 g4+
38.hxg4 hxg4+ 39.Kg3 Re2 40.Nf4 Be5  0-1

[Event "AUT-ch"]
[Site "AUT"]
[Date "1979.??.??"]
[Round "6"]
[White "Wittmann, Walter"]
[Black "Swoboda, Ernst"]
[Result "1/2-1/2"]
[WhiteElo "2360"]
[BlackElo "2200"]

1.e4 g6 2.d4 Bg7 3.Nc3 d6 4.f4 Nc6 5.Be3 Nf6 6.Nf3 O-O 7.Be2 e6 8.Qd2 b6
9.h3 Bb7 10.g4 Ne7 11.Bd3 c5 12.O-O-O c4 13.Bxc4 Nxe4 14.Nxe4 Bxe4 15.Rhf1 Rc8
16.Bb3 b5 17.Ng5 Bd5 18.Kb1 Bc4 19.Rf2 Nd5 20.h4 h6 21.Nf3 Re8 22.h5 Qb6
23.Rh2 Nxe3 24.Qxe3 e5 25.hxg6 fxg6 26.Qe4 exd4 27.Qxg6 d5 28.Rxh6 Qxg6 29.Rxg6 Be2
30.Bxd5+ Kh7 31.f5 Bxd1 32.Ng5+ Kh8 33.Nf7+ Kg8 34.Ng5+  1/2-1/2

[Event "URS-ch otbor"]
[Site "Beltsy"]
[Date "1979.??.??"]
[Round "?"]
[White "Panchenko, Alexander N"]
[Black "Foygel, Igor"]
[Result "1/2-1/2"]
[WhiteElo "2485"]
[BlackElo "2310"]

1.e4 g6 2.d4 Bg7 3.Nc3 d6 4.Nf3 Nf6 5.Be2 O-O 6.O-O Bg4 7.Be3 Nc6 8.Qd3 Nd7
9.Qd2 e5 10.dxe5 dxe5 11.Rad1 Bxf3 12.Bxf3 Nd4 13.Bg4 Nc5 14.f3 Nce6 15.g3 Qe8
16.Bxe6 Nxe6 17.Qd7 Rd8 18.Qxe8 Rfxe8 19.Rxd8 Rxd8 20.Rd1 Rxd1+ 21.Nxd1  1/2-1/2

[Event "URS-ch otbor"]
[Site "Beltsy"]
[Date "1979.??.??"]
[Round "?"]
[White "Dorfman, Josif D"]
[Black "Chikovani, Iuri"]
[Result "1/2-1/2"]
[WhiteElo "2595"]
[BlackElo "2200"]

1.d4 g6 2.e4 d6 3.Nc3 Bg7 4.Be3 Nf6 5.h3 O-O 6.g3 e5 7.Bg2 exd4 8.Bxd4 Nc6
9.Be3 Be6 10.Nge2 Qd7 11.Qd2 Rfe8 12.Nf4 Bc4 13.b3 Ba6 14.O-O-O b6 15.g4 Re5
16.Nfd5 Rae8 17.Bh6 Bh8 18.Nxf6+ Bxf6 19.f4 R5e6 20.e5 Bh8 21.Ne4 Bb7 22.Ng5 R6e7
23.h4 Nd8 24.Bxb7 Nxb7 25.e6 fxe6 26.h5 Nc5 27.hxg6 hxg6 28.f5 Qb5 29.fxg6 Qa5
30.Qxa5 bxa5 31.Nf7 Bf6 32.Rhf1 Nd7 33.a4 Rb8 34.Bd2 Kg7 35.Ng5 Kxg6 36.Ne4 Be5
37.Bxa5 Nf6 38.Nxf6 Bxf6 39.Rh1 Rh8 40.Rxh8 Bxh8 41.Rh1 Bd4 42.Bd2 Bg7 43.Kd1 c5
44.Ke2 d5 45.Rh5 e5 46.Rg5+ Kf6 47.Rf5+ Ke6 48.Rg5  1/2-1/2

[Event "JUG-34ch"]
[Site "Bjelovar"]
[Date "1979.??.??"]
[Round "4"]
[White "Rogulj, Branko"]
[Black "Marangunic, Srdjan"]
[Result "0-1"]
[WhiteElo "2440"]
[BlackElo "2495"]

1.e4 g6 2.d4 Bg7 3.Nc3 d6 4.f4 c6 5.Nf3 Bg4 6.Be3 Qb6 7.Qd2 Bxf3 8.gxf3 Nd7
9.O-O-O Qa5 10.Kb1 b5 11.h4 Nb6 12.b3 Nf6 13.Bh3 Rb8 14.f5 Nh5 15.Bg4 Nf6
16.h5 Nxg4 17.fxg4 gxf5 18.h6 Bf8 19.gxf5 Rg8 20.Rhg1 Rxg1 21.Rxg1 e6 22.fxe6 fxe6
23.Qf2 b4 24.Rg7 Qh5 25.Rxh7 bxc3 26.Qf6 Nc8 27.Bg5 Qd1+ 28.Bc1 Qh5 29.Qxe6+ Ne7
30.Rxe7+ Bxe7 31.Qg8+ Kd7 32.Qxb8 Bg5 33.Qxa7+ Kc8 34.Qa5 c5 35.Bxg5 Qxg5
36.Qxc3  0-1

[Event "JUG-34ch"]
[Site "Bjelovar"]
[Date "1979.??.??"]
[Round "4"]
[White "Arapovic, Vitomir"]
[Black "Popovic, Petar"]
[Result "1-0"]
[WhiteElo "2420"]
[BlackElo "2410"]

1.e4 g6 2.Nc3 Bg7 3.d4 d6 4.Be3 a6 5.Qd2 b5 6.O-O-O Bb7 7.f3 Nd7 8.h4 h5
9.Nh3 Rc8 10.Ng5 c5 11.e5 dxe5 12.dxe5 Bxe5 13.Nxf7 Kxf7 14.Qxd7 Qc7 15.Qxc7 Rxc7
16.a4 Bxc3 17.bxc3 Nf6 18.axb5 axb5 19.Bxb5 Nd5 20.Bc4 e6 21.Bg5 Ra8 22.Kd2 Nb6
23.Bd3 c4 24.Be4 Rd7+ 25.Ke3 Nd5+ 26.Kf2 Ra3 27.g4 hxg4 28.fxg4 Rc7 29.h5 gxh5
30.Rxh5 Nf6 31.Bxf6 Bxe4 32.g5 Bxc2 33.Rd8 Be4 34.Rhh8 Kg6 35.Ke3 Bb1 36.Kf4 e5+
37.Kxe5 Ra5+ 38.Kf4 Kf7 39.Rde8 Rf5+ 40.Kg4 Rb5 41.Kh5 Bg6+ 42.Kh6 Bd3 43.Rhf8+  1-0

[Event "JUG-34ch"]
[Site "Bjelovar"]
[Date "1979.??.??"]
[Round "8"]
[White "Rogulj, Branko"]
[Black "Todorcevic, Miodrag"]
[Result "1-0"]
[WhiteElo "2440"]
[BlackElo "2455"]

1.e4 g6 2.d4 Bg7 3.Nc3 d6 4.f4 c6 5.Nf3 Qb6 6.h3 Nd7 7.g4 e5 8.dxe5 dxe5
9.f5 Ngf6 10.Bc4 O-O 11.Qe2 Ne8 12.Bb3 a5 13.Be3 Qc7 14.a4 Nd6 15.O-O-O b5
16.fxg6 b4 17.Qd2 bxc3 18.Qxd6 Qxd6 19.gxf7+ Kh8 20.Rxd6 Nf6 21.Rxf6 Bxf6
22.Bc5 cxb2+ 23.Kxb2 Ba6 24.g5 Bg7 25.Bxf8 Bxf8 26.Ka2 c5 27.Bd5 Rb8 28.c3 Bd6
29.Nh4 Be7 30.Rg1 c4 31.g6 Bf8 32.gxh7 Rc8 33.Ng6+  1-0

[Event "HUN-ch"]
[Site "Budapest"]
[Date "1979.??.??"]
[Round "9"]
[White "Halasz, Tamas"]
[Black "Vadasz, Laszlo"]
[Result "0-1"]
[WhiteElo "2200"]
[BlackElo "2490"]

1.e4 g6 2.d4 Bg7 3.Nc3 d6 4.f4 Nf6 5.Nf3 O-O 6.Be2 Na6 7.e5 Nd7 8.O-O c5
9.exd6 exd6 10.dxc5 dxc5 11.Be3 Qa5 12.Nd2 Bxc3 13.Nc4 Qa4 14.bxc3 Nf6 15.Nd6 Rd8
16.f5 Bxf5 17.Bg5 Bxc2 18.Qc1 Rxd6 19.Bxf6 Re8 20.Bxa6 Qxa6 21.Qf4 Bf5 22.Bh4 Re4
23.Qf2 Qc4 24.Qg3 Rd3 25.Qb8+ Kg7 26.Bg3 Qd5 27.Qxa7 Re2 28.Bf2 Rdd2 29.Qb8 h5
30.c4 Qe4 31.Rae1 h4 32.Rxe2 Rxe2 33.h3 Bd7 34.Qd8 Bc6 35.Qg5 f6 36.Qg4 Qxg4
37.hxg4 Rxa2 38.Rc1 g5  0-1

[Event "HUN-ch"]
[Site "Budapest"]
[Date "1979.??.??"]
[Round "12"]
[White "Halasz, Tamas"]
[Black "Petran, Pal"]
[Result "1-0"]
[WhiteElo "2200"]
[BlackElo "2410"]

1.e4 g6 2.d4 Bg7 3.Nc3 d6 4.f4 c6 5.Nf3 Bg4 6.Be3 Qb6 7.Qd3 Bxf3 8.gxf3 Nd7
9.O-O-O Qa5 10.Kb1 Ngf6 11.Bh3 O-O-O 12.Rhg1 Kb8 13.f5 b5 14.f4 Nb6 15.e5 Nfd5
16.Nxd5 Nxd5 17.Bd2 Qb6 18.Bg2 Bh6 19.Bxd5 cxd5 20.exd6 Rxd6 21.Bb4 Rf6 22.Rge1 e6
23.Bc5 Qc6 24.Qa3 Rxf5 25.Qxa7+ Kc8 26.Rd3 Qb7 27.Qa5 Kd7 28.Ra3 Bxf4 29.Bb6 Rc8
30.Qxb5+ Qc6 31.Ra7+ Ke8 32.Qxc6+ Rxc6 33.Bc5 Bxh2 34.b4 Rc8 35.b5 Rb8 36.a4 g5
37.Rh1 Rf2 38.Kb2 Rc8 39.b6 g4 40.b7 Rb8 41.Rxh2  1-0

[Event "BCF-ch"]
[Site "Chester"]
[Date "1979.??.??"]
[Round "1"]
[White "Hall, John"]
[Black "McNab, Colin Anderson"]
[Result "1/2-1/2"]
[WhiteElo "2200"]
[BlackElo "2200"]

1.e4 d6 2.d4 g6 3.Nc3 Bg7 4.f4 Nc6 5.Be3 Nf6 6.h3 O-O 7.g4 e5 8.dxe5 dxe5
9.f5 Qxd1+ 10.Rxd1 Nd4 11.Rd2 h6 12.Bg2 b6 13.Nge2 c5 14.Ng3 Bb7 15.O-O Rad8
16.Rfd1 Rd7 17.Re1 Rfd8 18.Nb1 Ba6 19.Kf2 Nc6 20.Rxd7 Rxd7 21.Bf1 Bxf1 22.Kxf1 Nb4
23.Na3 Bf8 24.Ke2 b5 25.Rd1 a6 26.c4 Nxa2 27.cxb5 axb5 28.Rxd7 Nxd7 29.Nxb5 c4
30.Nf1 Bb4 31.Bxh6 Nc5 32.Nd6 c3 33.bxc3 Nxc3+ 34.Kf3 Nb3 35.Nc4 Nd4+ 36.Kg2 Nxe4
37.fxg6 fxg6 38.Nxe5 Kh7 39.Be3 Ne6 40.h4 Be7 41.Kf3 Nd6 42.Bf2 Kg7 43.Nd2 Bf6
44.Nc6 Bc3 45.Ne4 Nxe4 46.Kxe4 Bf6 47.Bg3 Kf7 48.Kd5 Bc3 49.Na7 Bd2 50.Nc8 Bf4
51.Be1 Bc7 52.Kc6 Be5 53.Nb6 Bc7 54.Nc4 Bf4 55.Kd5 Nc7+ 56.Ke4 Ne6 57.Kf3 Bc7
58.Bc3 Nf8 59.Nd2 Nd7 60.Ke4 Bg3  1/2-1/2